ՀՀ Գիտությունների ազգային ակադեմիայի հիմնարար գիտական գրադարան  =   Fundamental Scientific Library of NAS RA

Краевые и возрастные особенности эндокринной системы при раке матки и молочной железы / (Record no. 79803)

MARC details
000 -LEADER
fixed length control field 01304nam a2200277 a 4500
001 - CONTROL NUMBER
control field 000226897
003 - CONTROL NUMBER IDENTIFIER
control field AM-YeHGA
005 - DATE AND TIME OF LATEST TRANSACTION
control field 20250617124459.0
008 - FIXED-LENGTH DATA ELEMENTS--GENERAL INFORMATION
fixed length control field 030520s1977 kz a||||r|||||000|0|rus|d
040 ## - CATALOGING SOURCE
Original cataloging agency AM-YeHGA
041 0# - LANGUAGE CODE
Language code of text/sound track or separate title rus
090 ## - LOCALLY ASSIGNED LC-TYPE CALL NUMBER (OCLC); LOCAL CALL NUMBER (RLIN)
-- 81070
100 1# - MAIN ENTRY--PERSONAL NAME
Personal name Мезинова, Надежда Никитична
245 10 - TITLE STATEMENT
Title Краевые и возрастные особенности эндокринной системы при раке матки и молочной железы /
Statement of responsibility, etc. Н.Н. Мезинова, А.Г. Богданова, Ю.С. Кожназарова.
260 ## - PUBLICATION, DISTRIBUTION, ETC.
Place of publication, distribution, etc. Алма-Ата :
Name of publisher, distributor, etc. Казахстан,
Date of publication, distribution, etc. 1977.
300 ## - PHYSICAL DESCRIPTION
Extent 160 с. :
Other physical details ил., табл. ;
Dimensions 22 см.
504 ## - BIBLIOGRAPHY, ETC. NOTE
Bibliography, etc. note Библиогр. : с. 141-156.
650 14 - SUBJECT ADDED ENTRY--TOPICAL TERM
Topical term or geographic name entry element Эндокринной системы болезни
General subdivision Этиология
-- Диагностика
-- Патофизиология
650 14 - SUBJECT ADDED ENTRY--TOPICAL TERM
Topical term or geographic name entry element Возрастные факторы
650 14 - SUBJECT ADDED ENTRY--TOPICAL TERM
Topical term or geographic name entry element Гормонозависимые опухоли
650 14 - SUBJECT ADDED ENTRY--TOPICAL TERM
Topical term or geographic name entry element Матки новообразования
650 14 - SUBJECT ADDED ENTRY--TOPICAL TERM
Topical term or geographic name entry element Молочной железы новообразования
700 1# - ADDED ENTRY--PERSONAL NAME
Personal name Богданова, Алла Георгиевна
700 1# - ADDED ENTRY--PERSONAL NAME
Personal name Кожназарова, Юлия Сигбатулловна
942 ## - ADDED ENTRY ELEMENTS (KOHA)
Source of classification or shelving scheme Universal Decimal Classification
Koha item type Գրքեր / Books
Holdings
Withdrawn status Lost status Damaged status Not for loan Collection Home library Current library Date acquired Total checkouts Full call number Barcode Date last seen Price effective from Koha item type Public note
        General Fundamental Scientific Library Fundamental Scientific Library 22/12/2016   РII/401633 FL0413686 22/12/2016 22/12/2016 Գրքեր / Books 30 Days Loan


ՀՀ ԳԱԱ հիմնարար գիտական գրադարան
ՀՀ,Երևան 0019
Մարշալ Բաղրամյան 24/6
հեռախոս:(374-10) 52-47-50
Հետադարձ կապ

All site content, except where otherwise noted, is licensed under a
Creative Commons License